| 000 | 01282cam a2200313 a 4500 | ||
|---|---|---|---|
| 999 |
_c569 _d569 |
||
| 001 | (Sirsi) a671424 | ||
| 003 | OSt | ||
| 005 | 20190828143944.0 | ||
| 008 | 110502r20092008enka c 000 1 eng d | ||
| 020 | _a9780007279043 (pbk.) : | ||
| 020 | _a0007279043 (pbk.) : | ||
| 020 |
_a9780008284930 _qBox set |
||
| 040 |
_aTAE _beng _cTAE |
||
| 042 | _anbic | ||
| 082 | _aFIC WAL | ||
| 100 | 1 |
_aWalliams, David, _d1971- _eauthor |
|
| 245 | 1 | 4 |
_aThe boy in the dress / _cDavid Walliams ; illustrated by Quentin Blake. |
| 260 |
_aLondon : _bHarperCollins Children's, _c2009. |
||
| 300 |
_a231 p. : _bill. ; _c20 cm. |
||
| 500 | _aFirst published in hardback in Great Britain by HarperCollins Children's Books 2008. | ||
| 520 | _aDennis' life is boring and lonely. His mother left two years ago, his truck driver father is depressed, his brother is a bully and, worst of all, "no hugging" is one of their household rules. But one thing Dennis does have is soccer---he's the leading scorer on his team. Oh, and did we mention his secret passion for fashion? | ||
| 521 | 1 | _a9-12. | |
| 650 | 1 |
_aTransvestism _vFiction. |
|
| 650 | 1 |
_aSchools _vFiction. |
|
| 650 | 0 | _aSoccer stories. | |
| 651 | 1 |
_aGreat Britain _vFiction. |
|
| 700 | 1 |
_aBlake, Quentin, _eIllustrator |
|
| 942 |
_2ddc _cFIC |
||